000 00298nam a22001337a 4500
008 181012b xxu||||| |||| 00| 0 eng d
020 _a9781563637520
041 _aeng
080 _a617
100 _a8
101 _aOFT
245 _aPDR for Ophthalmic Medicines
_cRhee,D.J
942 _2udc
_cBK
999 _c49469
_d49469